00257nam a22000737a 4500008004100000082001700041245011400058300001100172230629b xxu||||| |||| 00| 0 eng d a338.9bMOPND aUshirikiano kwa Ajili ya Ustawi:Mpango wa Sita wa MaendeleobTafsiri Rahisi ya Mpango wa Maendeleo 1989- 1993 aIX,65p